00358cam a22001097a 4500008004000000082001500040245009900055260002600154300001400180650003000194700002400224180718b1971 xxu||||| |||| 00| 0 eng d aF51x54 In7 aIndian political parties: programmes, promises, and performancescedited by Subhash C. Kashyap aDelhibResearchc1971 axvi, 356p aPolitical parties --India aKashyap, Subhash C.